| 000 | 00853cam a2200229Mi 4500 | ||
|---|---|---|---|
| 005 | 20161116103158.0 | ||
| 008 | 020423s2001 xxu frn 001 0 eng d | ||
| 020 | _a9781588260321 | ||
| 040 |
_aCo-BoUCM _bspa _cJavier Garzón _dAldemar Mondragón |
||
| 041 | 0 | _aeng | |
| 100 | 1 |
_aBonilla Silva, Eduardo _957729 |
|
| 245 | 1 | 0 |
_aWhite supremacy and racism in the post-civil rights era _cEduardo Bonilla-Silva |
| 260 |
_aBoulder (Colorado, Estados Unidos) _bLynne Rienner _c2001 |
||
| 300 | _aviii, 223 páginas | ||
| 504 | _aIncluye referencias bibliográficas e índices | ||
| 650 | 7 |
_aDerechos civiles _zEstados Unidos _958076 |
|
| 650 | 7 |
_aRacismo _923026 |
|
| 651 | 4 |
_aEstados Unidos _xRelaciones raciales _954015 |
|
| 690 |
_942914 _aSociología |
||
| 942 |
_a5 _cLIBRO _e1 _mB715w _2DEWEY _h305.800973 |
||
| 999 |
_c239633 _d239633 |
||